| 000 | 00670nam a2200229 a 4500 | ||
|---|---|---|---|
| 999 |
_c1530 _d1530 |
||
| 001 | 1530 | ||
| 003 | BD-JhCC | ||
| 005 | 20171021165733.0 | ||
| 008 | 171021b2007 bg ||||| |||| 00| 0 ben d | ||
| 020 | _a9848684239 | ||
| 035 | _a(BD-JhCC)1530 | ||
| 040 |
_aBD-JhCC _dBD-JhCC |
||
| 041 | _aben | ||
| 082 |
_a891.4409 _bRAH 2007 |
||
| 100 | _aরহমান, আতিউর | ||
| 245 |
_aনির্বাচিত প্রবন্ধ / _cআতিউর রহমান |
||
| 260 |
_aঢাকা : _bঅন্য প্রকাশনী, _c2007. |
||
| 300 |
_a367 p. : _c21 cm. |
||
| 650 | _aCollection of Bengali Essays | ||
| 942 |
_2ddc _cBK |
||